فيضا ن بتکد ہ (Record no. 92417)

MARC details
000 -LEADER
fixed length control field 00637nam a22002177a 4500
005 - DATE AND TIME OF LATEST TRANSACTION
control field 20150324101519.0
008 - FIXED-LENGTH DATA ELEMENTS--GENERAL INFORMATION
fixed length control field 140714b xxu||||| |||| 00| 0 Urdu d
010 ## - LCCN (DPL NO)
LC control number UR-8773
020 q# - INTERNATIONAL STANDARD BOOK NUMBER
Terms of availability 300.00
035 ## - SYSTEM CONTROL NUMBER
System control number U-7328
037 ## - SOURCE OF ACQUISITION
Source of stock number/acquisition DBAD/Pub.
040 ## - CATALOGING SOURCE
Original cataloging agency DPL
Language of cataloging Urdu
082 ## - DEWEY DECIMAL CLASSIFICATION NUMBER
Classification number 841
100 ## - MAIN ENTRY--PERSONAL NAME
Personal name شو ق ما ہر ی
245 ## - TITLE STATEMENT
Title فيضا ن بتکد ہ
Remainder of title شو ق ما ہر ی
246 ## - VARYING FORM OF TITLE
Title proper/short title Faizan-e- Butkada
Remainder of title DrShoukh Mahiri
260 ## - PUBLICATION, DISTRIBUTION, ETC. (IMPRINT)
Place of publication, distribution, etc Khandwa (M.P.)
Name of publisher, distributor, etc Azad Akhtar Ibn-e-Shouque Mahiri
Date of publication, distribution, etc 2013
270 ## - ADDRESS
Address Zainab Manzil,Moghat Road
300 ## - PHYSICAL DESCRIPTION
Extent 218ص
Other physical details 22C.m.(PB)
942 ## - ADDED ENTRY ELEMENTS (KOHA)
Source of classification or shelving scheme Dewey Decimal Classification
Item type Urdu Bks
Classification part 841
Call number suffix ش و ق
Holdings
Withdrawn status Lost status Source of classification or shelving scheme Damaged status Not for loan Collection code Home library Current library Date acquired Source of acquisition Cost, normal purchase price Total Checkouts Full call number Barcode Date last seen Copy number Cost, replacement price Koha item type
    Dewey Decimal Classification   Not For Loan Non-fiction D.B.Act.Division D.B.Act.Division 24/03/2015 DBAD/Pub. 300.00   841 ش و ق U-7328 24/03/2015 1 300.00 Urdu Bks

© Delhi Public Library
Hit Counter
free hit counter